Wird geladen...
Budhadarshanam/
| 1. Verfasser: | |
|---|---|
| Format: | Printed Book |
| Veröffentlicht: |
Kollam:
Sankeerthanam,
|
| Schlagworte: |
| LEADER | 00514nam a22001571a 4500 | ||
|---|---|---|---|
| 082 | |a M4 |b PAD/B | ||
| 100 | |a Padmanabhan T |9 122186 | ||
| 245 | |a Budhadarshanam/ |c by Padmanabhan T | ||
| 260 | |a Kollam: |b Sankeerthanam, |c | ||
| 300 | |a 96p. | ||
| 650 | |a Essays Malayalam |9 122187 | ||
| 650 | |a Literature Malayalam |9 122188 | ||
| 650 | |a Literature |9 122189 | ||
| 942 | |c BK | ||
| 999 | |c 6324 |d 6324 | ||
| 952 | |0 0 |1 0 |4 0 |6 M_4_000000000000000_PAD_B |7 0 |9 9652 |a SSUS |b SSUS |d 2015-01-08 |g 50.00 |o M4 PAD/B |p 030935 |r 2015-03-10 |v 0.00 |w 2015-01-08 |y BK | ||